El carácter de la 'verdadera filosofía' en David Hume

Bibliographic Details
Main Author: Calvo de Saavedra, Ángela
Format: Electronic eBook
Language:Spanish
Published: Bogotá, D.C. : Editorial Pontificia Universidad Javeriana : Pontificia Universidad Javeriana, 2012.
Edition:1. ed.
Series:Colección Laureata.
Subjects:
Online Access:Digitalia Hispánica

MARC

LEADER 00000nam a2200000Ii 4500
001 DIGEPUJ0007
003 NyNyDIG
006 m o d
007 cr |||||||||||
008 140301s2012 ck ob 000 0 spa d
020 |a 9789587166569  |q (eBook) 
020 |z 9789587165838 
020 |z 9587165837 
040 |a DGITA  |b eng  |e pn  |c DGITA 
050 1 4 |a B1498 eBook 
100 1 |a Calvo de Saavedra, Ángela.  
245 1 3 |a El carácter de la 'verdadera filosofía' en David Hume   |h [electronic resource] /  |c Ángela Calvo de Saavedra. 
250 |a 1. ed. 
264 1 |a Bogotá, D.C. :  |b Editorial Pontificia Universidad Javeriana :  |b Pontificia Universidad Javeriana,  |c 2012. 
300 |a 1 online resource (566 pages) 
336 |a text  |b txt  |2 rdacontent 
337 |a computer  |b c  |2 rdamedia 
338 |a online resource  |b cr  |2 rdacarrier 
490 1 |a Colección Laureata. 
504 |a Includes bibliographical references (p. 523-566)  
600 1 0 |a Hume, David,  |d 1711-1776.  
650 0 |a Truth.  
655 0 |a Electronic books. 
791 2 |a Digitalia (Firm),  |e distributor. 
830 0 |a Colección Laureata. 
793 0 |g Digitalia eBook Collection:  |a Pontificia Universidad Javeriana. 
856 4 0 |3 Digitalia Hispánica  |u https://www.digitaliapublishing.com/a/19514/ 
910 |a Premium Collection: 2007-2012